1960: NFL Teams with the Least Points - Statistics

General Stats
  • This quiz has been taken 5 times
  • The average score is 9 of 11
Answer Stats
Number of points NFL/AFL Team % Correct
194 Chicago Bears
100%
239 Detroit Lions
100%
265 Los Angeles Rams
100%
271 New York Giants
100%
208 San Francisco 49ers
100%
288 Baltimore Colts
75%
286 Boston Patriots
75%
240 Pittsburgh Steelers
75%
288 St. Louis Cardinals
75%
178 Washington Redskins
75%
177 Dallas Cowboys
0%
No matching quizzes found
Score Distribution
Percent of People with Each Score
Percentile by Number Answered
Your Score History
You have not taken this quiz